Tenencia de la tierra y desarrollo rural en Centroamérica /

Guardado en:
書目詳細資料
Autores Corporativos: CEPAL, FAO OIT IICA SIECA OCT OEA
格式: Texto
出版: San José: EDUCA
版:3
標簽: 添加標簽
沒有標簽, 成為第一個標記此記錄!

MARC

LEADER 00000 a a2200000 04500
001 23452
003
040
090 |a 162200  
110 |a CEPAL  
245 |a Tenencia de la tierra y desarrollo rural en Centroamérica /  |c CEPAL  
250 |a 3  
260 |a San José:   |b EDUCA  
300 |a 199 p   |b **no definido**  
710 |a FAO   |a OIT   |a IICA   |a SIECA   |a OCT   |a OEA  
999 |c 10990  |d 10990